000 01877nam0a22003971 4500
001 rc\871751
005 20200316101417.0
035 _a(NLR Aleph) 006050126
090 _a4796836
_c4796836
100 _a20041129d1983 u |0rusy50 ca
101 0 _arus
102 _aRU
105 _aa |||||||||
200 1 _aИзбранное
_fЛ.Н. Толстой
_g[Сост. В.И. Бельдюгов, Л.П. Григорьева
_gПослесл. В.Я. Гречнева, с. 404-420]
210 _aЛ.
_cЛениздат
_d1983
215 _a429 с.
_cпортр.
_d20
225 1 _aМастера русской прозы XX века
327 0 _aСодерж.: Отец Сергий; Хаджи-Мурат; После бала; Фальшивый купон; Ягоды; Корней Васильев; Алеша Горшок; Посмертные записки старца Федора Кузмича; Божеское и человеческое; Песни на деревне, и др. произведения
464 0 _12001#$aОтец Сергий
464 0 _12001#$aХаджи-Мурат
464 0 _12001#$aПосле бала
464 0 _12001#$aФальшивый купон
464 0 _12001#$aЯгоды
464 0 _12001#$aКорней Васильев
464 0 _12001#$aАлеша Горшок
464 0 _12001#$aПосмертные записки старца Федора Кузмича
464 0 _12001#$aБожеское и человеческое
464 0 _12001#$aПесни на деревне
700 1 _aТолстой
_bЛ. Н.
_f1828-1910
_gЛев Николаевич
_3RU\NLR\AUTH\771515
702 1 _aБельдюгов
_bВ. И.
_gВалерий Иванович
_4220
801 0 _aRU
_bNLR
_gpsbo
801 1 _aRU
_bELAR
_2rusmarc
852 _aNLR
_j83-3/10471
942 _cBOOK
980 _aNB